| 000 | 00781nam a22002417a 4500 | ||
|---|---|---|---|
| 005 | 20240530110952.0 | ||
| 008 | 221204s1995 au a f b 000 0 eng d | ||
| 017 | _a16/0795 | ||
| 020 | _a9600201503 | ||
| 040 |
_aEG-CaGPL _cEG-CaGPL |
||
| 082 | 0 | 4 |
_221 _a621.38041 _bم ا |
| 100 | 0 | _aمحمد عبدالرحمن الحيدر | |
| 245 | 1 | 0 |
_aاتصالات الالياف البصرية / _cتاليف محمد عبدالرحمن الحيدر |
| 250 | _aط.1 | ||
| 260 |
_aالرياض : _bمكتبة العبيكان _c1995 |
||
| 300 |
_a470 ص. ؛ _c24 سم. |
||
| 650 | 0 | 7 |
_2qrmak _aالالياف |
| 650 | 0 | 7 | _aالاتصالات |
| 651 | _2qrmak | ||
| 700 | _aمحمد عبدالرحمن الحيدر | ||
| 942 |
_2ddc _cBK |
||
| 999 |
_c67015 _d67015 |
||